The individual, marriage, and the family (Record no. 85028)

MARC details
000 -LEADER
fixed length control field 00716nam a22002537a 4500
003 - CONTROL NUMBER IDENTIFIER
control field URS
005 - DATE AND TIME OF LATEST TRANSACTION
control field 20250828100513.0
008 - FIXED-LENGTH DATA ELEMENTS--GENERAL INFORMATION
fixed length control field 250327b ||||| |||| 00| 0 eng d
020 ## - INTERNATIONAL STANDARD BOOK NUMBER
International Standard Book Number 0534056822
040 ## - CATALOGING SOURCE
Transcribing agency URS
050 ## - LIBRARY OF CONGRESS CALL NUMBER
Classification number HQ728
Item number .Sa98 1986
100 ## - MAIN ENTRY--PERSONAL NAME
9 (RLIN) 11833
Personal name Saxton, Llyod
245 ## - TITLE STATEMENT
Title The individual, marriage, and the family
250 ## - EDITION STATEMENT
Edition statement 6th Edition
264 ## - PRODUCTION, PUBLICATION, DISTRIBUTION, MANUFACTURE, AND COPYRIGHT NOTICE
Place of production, publication, distribution, manufacture Belmont, California
Name of producer, publisher, distributor, manufacturer Wadsworth
Date of production, publication, distribution, manufacture, or copyright notice ©1986
300 ## - PHYSICAL DESCRIPTION
Extent 554 pages.,:
Dimensions 24 cm.
336 ## - CONTENT TYPE
Source rdacontent
Content type term text
337 ## - MEDIA TYPE
Source rdamedia
Media type term unmediated
338 ## - CARRIER TYPE
Source rdacarrier
Carrier type term volume
650 #0 - SUBJECT ADDED ENTRY--TOPICAL TERM
9 (RLIN) 11834
Topical term or geographic name entry element Family
General subdivision United States.
650 #0 - SUBJECT ADDED ENTRY--TOPICAL TERM
9 (RLIN) 2400
Topical term or geographic name entry element Family life education
650 #0 - SUBJECT ADDED ENTRY--TOPICAL TERM
9 (RLIN) 7074
Topical term or geographic name entry element Marriage -- United States.
942 ## - ADDED ENTRY ELEMENTS (KOHA)
Source of classification or shelving scheme Library of Congress Classification
Koha item type Continuing Resources
Holdings
Withdrawn status Source of classification or shelving scheme Damaged status Not for loan Collection code Home library Current library Date acquired Total Checkouts Full call number Barcode Date last seen Price effective from Koha item type
  Library of Congress Classification     Non-fiction Morong Graduate Library Morong Graduate Library 03/27/2025   HQ728 .Sa98 1986 URSMOR-GL-5555 03/27/2025 03/27/2025 Continuing Resources

University of Rizal System
Email us at univlibservices@urs.edu.ph

Visit our Website www.urs.edu.ph/library